|
|
|
|
| LEADER |
00740cam a2200181 7i4500 |
| 001 |
0000044885 |
| 005 |
20070117090000.0 |
| 020 |
# |
0 |
|a 9838612502
|
| 090 |
0 |
0 |
|a PL 5136.7
|b H465 S9
|
| 245 |
0 |
0 |
|a Syed Syeikh al-Hadi :
|b cendekia dan sasterawan ulung
|c editor Sohaimi Abdul Aziz.
|
| 260 |
# |
# |
|a Pulau Pinang:
|b Penerbit Universiti Sains Malaysia,
|c 2003.
|
| 300 |
# |
# |
|a viii, 156 p.:
|b ill.;
|c 22 cm..
|
| 490 |
0 |
0 |
|a Siri Kefahaman Budaya Cendekia Melayu di Pulau Pinang;
|v 1
|
| 504 |
0 |
0 |
|a Includes bibliographical references and index
|
| 600 |
0 |
0 |
|a Syed Syeikh Ahmad al-Hadi,
|c 1867-1934
|
| 650 |
0 |
0 |
|a Malay language --
|x History and criticism
|
| 650 |
0 |
0 |
|a Malay literature --
|x History and criticism
|
| 999 |
|
|
|a 1100019050
|b Book
|c Open Shelf
|e KOLEKSI TERBUKA
|